Every wrestler to compete at TNA Bound for Glory - Statistics

General Stats
  • This quiz has been taken 19 times
    18 since last reset
  • The average score is 102 of 294
Answer Stats
First Bound for Glory Wrestler % Correct
Bound for Glory 2005 A-1
100%
Bound for Glory 2011 Hulk Hogan
100%
Bound for Glory 2005 Jeff Hardy
100%
Bound for Glory 2019 Kiera Hogan
100%
Bound for Glory 2015 Matt Hardy
100%
Bound for Glory 2005 A.J. Styles
90%
Bound for Glory 2007 Awesome Kong
90%
Bound for Glory 2006 Brother Ray
90%
Bound for Glory 2009 Doug Williams
90%
Bound for Glory 2013 Ethan Carter III
90%
Bound for Glory 2007 Gail Kim
90%
Bound for Glory 2020 Karl Anderson
90%
Bound for Glory 2017 King Mo
90%
Bound for Glory 2012 Miss Tessmacher
90%
Bound for Glory 2010 Mr. Anderson
90%
Bound for Glory 2005 Petey Williams
90%
Bound for Glory 2005 Sabu
90%
Bound for Glory 2005 Samoa Joe
90%
Bound for Glory 2006 Sting
90%
Bound for Glory 2025 Travis Williams
90%
Bound for Glory 2025 Trick Williams
90%
Bound for Glory 2012 Zema Ion
90%
Bound for Glory 2005 Abyss
80%
Bound for Glory 2005 B.G. James
80%
Bound for Glory 2006 Brother Devon
80%
Bound for Glory 2006 Christian Cage
80%
Bound for Glory 2005 Christopher Daniels
80%
Bound for Glory 2017 Dezmond Xavier
80%
Bound for Glory 2006 D-Ray 3000
80%
Bound for Glory 2009 Kevin Nash
80%
Bound for Glory 2005 Kip James
80%
Bound for Glory 2009 Mick Foley
80%
Bound for Glory 2011 Mickie James
80%
Bound for Glory 2016 Moose
80%
Bound for Glory 2007 Rick Steiner
80%
Bound for Glory 2010 Rob Van Dam
80%
Bound for Glory 2007 Scott Steiner
80%
Bound for Glory 2007 Shelly Martinez
80%
Bound for Glory 2018 Tessa Blanchard
80%
Bound for Glory 2014 Tommy Dreamer
80%
Bound for Glory 2017 Allie
70%
Bound for Glory 2007 Angelina Love
70%
Bound for Glory 2005 Pre Show Austin Aries
70%
Bound for Glory 2018 Brian Cage
70%
Bound for Glory 2012 D.O.C.
70%
Bound for Glory 2015 Eli Drake
70%
Bound for Glory 2006 Hernandez
70%
Bound for Glory 2005 Jeff Jarrett
70%
Bound for Glory 2007 Jimmy Rave
70%
Bound for Glory 2006 Kazarian
70%
Bound for Glory 2007 Kurt Angle
70%
Bound for Glory 2016 Rockstar Spud
70%
Bound for Glory 2019 Rosemary
70%
Bound for Glory 2020 Alisha Edwards
60%
Bound for Glory 2024 Pre Show Ash by Elegance
60%
Bound for Glory 2005 Bobby Roode
60%
Bound for Glory 2008 Booker T
60%
Bound for Glory 2006 Brother Runt
60%
Bound for Glory 2009 Brutus Magnus
60%
Bound for Glory 2021 Cassie Lee
60%
Bound for Glory 2007 Christy Hemme
60%
Bound for Glory 2018 Dave Crist
60%
Bound for Glory 2020 Deonna Purrazzo
60%
Bound for Glory 2015 Drew Galloway
60%
Bound for Glory 2015 Eddie Edwards
60%
Bound for Glory 2020 Heath
60%
Bound for Glory 2024 Pre Show Heather by Elegance
60%
Bound for Glory 2018 Jake Crist
60%
Bound for Glory 2005 James Storm
60%
Bound for Glory 2010 Jeremy Buck
60%
Bound for Glory 2022 Joe Hendry
60%
Bound for Glory 2019 Joey Ryan
60%
Bound for Glory 2023 Kenny King
60%
Bound for Glory 2023 KiLynn King
60%
Bound for Glory 2018 King
60%
Bound for Glory 2005 Konnan
60%
Bound for Glory 2024 Léi Ying Lee
60%
Bound for Glory 2024 Leon Slater
60%
Bound for Glory 2009 Madison Rayne
60%
Bound for Glory 2010 Max Buck
60%
Bound for Glory 2025 Pre Show M by Elegance
60%
Bound for Glory 2007 O.D.B.
60%
Bound for Glory 2018 Pentagón Jr.
60%
Bound for Glory 2018 Rich Swann
60%
Bound for Glory 2013 Pre Show Robbie E
60%
Bound for Glory 2009 Suicide
60%
Bound for Glory 2014 The Great Muta
60%
Bound for Glory 2015 Trevor Lee
60%
Bound for Glory 2019 Trey Miguel
60%
Bound for Glory 2007 Black Reign
50%
Bound for Glory 2008 Consequences Creed
50%
Bound for Glory 2016 Crazzy Steve
50%
Bound for Glory 2015 Davey Richards
50%
Bound for Glory 2005 David Young
50%
Bound for Glory 2005 Eric Young
50%
Bound for Glory 2017 Johnny Impact
50%
Bound for Glory 2007 Pre Show Johnny Swinger
50%
Bound for Glory 2006 Raven
50%
Bound for Glory 2005 Rhino
50%
Bound for Glory 2006 Senshi
50%
Bound for Glory 2010 Stevie Richards
50%
Bound for Glory 2015 Tyrus
50%
Bound for Glory 2019 Aero Star
40%
Bound for Glory 2009 Bobby Lashley
40%
Bound for Glory 2025 Cedric Alexander
40%
Bound for Glory 2011 Crimson
40%
Bound for Glory 2021 David Finlay
40%
Bound for Glory 2005 Elix Skipper
40%
Bound for Glory 2018 Ethan Page
40%
Bound for Glory 2019 Jordynne Grace
40%
Bound for Glory 2019 Josh Alexander
40%
Bound for Glory 2016 Pre Show Laurel Van Ness
40%
Bound for Glory 2013 Manik
40%
Bound for Glory 2005 Monty Brown
40%
Bound for Glory 2025 Mustafa Ali
40%
Bound for Glory 2007 Rasheed Lucius Creed
40%
Bound for Glory 2014 Tajiri
40%
Bound for Glory 2009 Tara
40%
Bound for Glory 2019 Tenille Dashwood
40%
Bound for Glory 2007 Velvet Sky
40%
Bound for Glory 2023 Will Ospreay
40%
Bound for Glory 2005 Pre Show Alex Shelley
30%
Bound for Glory 2012 Chavo Guerrero
30%
Bound for Glory 2005 Chris Harris
30%
Bound for Glory 2005 Chris Sabin
30%
Bound for Glory 2014 Havok
30%
Bound for Glory 2006 Homicide
30%
Bound for Glory 2006 Jay Lethal
30%
Bound for Glory 2021 Jessie McKay
30%
Bound for Glory 2021 Juice Robinson
30%
Bound for Glory 2005 Matt Bentley
30%
Bound for Glory 2008 Matt Morgan
30%
Bound for Glory 2019 Michael Elgin
30%
Bound for Glory 2022 Mike Bailey
30%
Bound for Glory 2007 Ms. Brooks
30%
Bound for Glory 2018 Ortiz
30%
Bound for Glory 2005 Ron Killings
30%
Bound for Glory 2025 Santino Marella
30%
Bound for Glory 2016 Pre Show Sienna
30%
Bound for Glory 2021 Steve Maclin
30%
Bound for Glory 2015 Tigre Uno
30%
Bound for Glory 2024 Pre Show Xia Brookside
30%
Bound for Glory 2019 Zachary Wentz
30%
Bound for Glory 2019 Ace Austin
20%
Bound for Glory 2019 Acey Romero
20%
Bound for Glory 2024 A. J. Francis
20%
Bound for Glory 2012 Al Snow
20%
Bound for Glory 2009 Amazing Red
20%
Bound for Glory 2015 Andrew Everett
20%
Bound for Glory 2015 Brian Myers
20%
Bound for Glory 2019 Cody Deaner
20%
Bound for Glory 2019 Cousin Jake
20%
Bound for Glory 2019 Dr. Wagner Jr.
20%
Bound for Glory 2024 El Hijo del Vikingo
20%
Bound for Glory 2019 Fallah Bahh
20%
Bound for Glory 2018 Fénix
20%
Bound for Glory 2016 Grado
20%
Bound for Glory 2007 Jackie Moore
20%
Bound for Glory 2016 Pre Show Jade
20%
Bound for Glory 2013 Pre Show Jessie Godderz
20%
Bound for Glory 2025 Je'Von Evans
20%
Bound for Glory 2007 Pre Show Joey Matthews
20%
Bound for Glory 2005 Jushin "Thunder" Liger
20%
Bound for Glory 2025 Kelani Jordan
20%
Bound for Glory 2019 Ken Shamrock
20%
Bound for Glory 2023 Kenta
20%
Bound for Glory 2012 Knux
20%
Bound for Glory 2020 Larry D
20%
Bound for Glory 2025 Mara Sadè
20%
Bound for Glory 2016 Maria
20%
Bound for Glory 2022 Masha Slamovich
20%
Bound for Glory 2021 Matt Cardona
20%
Bound for Glory 2021 Melina
20%
Bound for Glory 2016 Mike Bennett
20%
Bound for Glory 2014 MVP
20%
Bound for Glory 2025 Myron Reed
20%
Bound for Glory 2024 Nic Nemeth
20%
Bound for Glory 2010 Orlando Jordan
20%
Bound for Glory 2022 PCO
20%
Bound for Glory 2021 Rocky Romero
20%
Bound for Glory 2007 Roxxi Laveaux
20%
Bound for Glory 2025 Ryan Nemeth
20%
Bound for Glory 2018 Sami Callihan
20%
Bound for Glory 2018 Santana
20%
Bound for Glory 2021 Savanah Evans
20%
Bound for Glory 2010 Shannon Moore
20%
Bound for Glory 2005 Shark Boy
20%
Bound for Glory 2005 Pre Show Sonjay Dutt
20%
Bound for Glory 2019 Swoggle
20%
Bound for Glory 2021 Tasha Steelz
20%
Bound for Glory 2018 Taya Valkyrie
20%
Bound for Glory 2008 Taylor Wilde
20%
Bound for Glory 2021 The Demon
20%
Bound for Glory 2014 The Great Sanada
20%
Bound for Glory 2007 Tomko
20%
Bound for Glory 2023 Trinity
20%
Bound for Glory 2018 Willie Mack
20%
Bound for Glory 2022 Pre Show Alex Zayne
10%
Bound for Glory 2011 Pre Show Anarquia
10%
Bound for Glory 2005 Andy Douglas
10%
Bound for Glory 2016 Aron Rex
10%
Bound for Glory 2025 BDE
10%
Bound for Glory 2019 Black Taurus
10%
Bound for Glory 2016 Braxton Sutter
10%
Bound for Glory 2011 Brian Kendrick
10%
Bound for Glory 2005 Chase Stevens
10%
Bound for Glory 2020 Chris Bey
10%
Bound for Glory 2019 Daga
10%
Bound for Glory 2020 Daivari
10%
Bound for Glory 2010 D'Angelo Dinero
10%
Bound for Glory 2022 Pre Show Dirty Dango
10%
Bound for Glory 2017 El Hijo del Fantasma
10%
Bound for Glory 2021 El Phantasmo
10%
Bound for Glory 2025 Gia Miller
10%
Bound for Glory 2022 Gisele Shaw
10%
Bound for Glory 2024 Jason Hotch
10%
Bound for Glory 2011 Jerry Lynn
10%
Bound for Glory 2010 Jesse Neal
10%
Bound for Glory 2006 Johnny Devine
10%
Bound for Glory 2015 Pre Show John Skyler
10%
Bound for Glory 2023 Jonathan Gresham
10%
Bound for Glory 2023 Juventud Guerrera
10%
Bound for Glory 2014 Kaz Hayashi
10%
Bound for Glory 2022 Killer Kelly
10%
Bound for Glory 2018 Killer Kross
10%
Bound for Glory 2019 Kylie Rae
10%
Bound for Glory 2005 Lance Hoyt
10%
Bound for Glory 2021 Laredo Kid
10%
Bound for Glory 2019 Madman Fulton
10%
Bound for Glory 2015 Mahabali Shera
10%
Bound for Glory 2016 Pre Show Marti Bell
10%
Bound for Glory 2017 Matt Sydal
10%
Bound for Glory 2017 Pagano
10%
Bound for Glory 2019 Raj Singh
10%
Bound for Glory 2008 Rhaka Khan
10%
Bound for Glory 2019 Rohit Raju
10%
Bound for Glory 2014 Ryota Hama
10%
Bound for Glory 2009 Sarita
10%
Bound for Glory 2008 Sheik Abdul Bashir
10%
Bound for Glory 2008 Pre Show Sojournor Bolt
10%
Bound for Glory 2023 Sonny Kiss
10%
Bound for Glory 2025 Special Agent 0
10%
Bound for Glory 2020 Su Yung
10%
Bound for Glory 2017 Taiji Ishimori
10%
Bound for Glory 2017 Texano
10%
Bound for Glory 2024 Wendy Choo
10%
Bound for Glory 2011 Winter
10%
Bound for Glory 2021 W. Morrissey
10%
Bound for Glory 2019 Adam Thornstowe
0%
Bound for Glory 2015 Aiden O'Shea
0%
Bound for Glory 2014 Andy Wu
0%
Bound for Glory 2005 Apolo
0%
Bound for Glory 2016 Baron Dax
0%
Bound for Glory 2016 Basile Baraka
0%
Bound for Glory 2022 Bhupinder Gujjar
0%
Bound for Glory 2022 Bobby Fish
0%
Bound for Glory 2024 Pre Show Brinley Reece
0%
Bound for Glory 2015 Chris Melendez
0%
Bound for Glory 2024 Dani Luna
0%
Bound for Glory 2014 El Hijo del Pantera
0%
Bound for Glory 2017 Garza Jr.
0%
Bound for Glory 2024 Hammerstone
0%
Bound for Glory 2021 Hikuleo
0%
Bound for Glory 2025 Indi Hartwell
0%
Bound for Glory 2018 James Ellsworth
0%
Bound for Glory 2014 Jiro Kuroshio
0%
Bound for Glory 2023 Jody Threat
0%
Bound for Glory 2021 Joe Doering
0%
Bound for Glory 2007 Junior Fatu
0%
Bound for Glory 2014 Kazma Sakamoto
0%
Bound for Glory 2024 KC Navarro
0%
Bound for Glory 2006 Larry Zbyszko
0%
Bound for Glory 2019 Luster the Legend
0%
Bound for Glory 2025 Mance Warner
0%
Bound for Glory 2022 Matt Taven
0%
Bound for Glory 2014 Minoru Tanaka
0%
Bound for Glory 2019 Naomichi Marufuji
0%
Bound for Glory 2013 Norv Fernum
0%
Bound for Glory 2021 Rachel Ellering
0%
Bound for Glory 2016 Pre Show Raquel
0%
Bound for Glory 2005 Pre Show Roderick Strong
0%
Bound for Glory 2021 Sam Beale
0%
Bound for Glory 2015 Pre Show Shawn Shultz
0%
Bound for Glory 2006 Short Sleeve Sampson
0%
Bound for Glory 2019 Pre Show Shotzi Blackheart
0%
Bound for Glory 2005 Simon Diamond
0%
Bound for Glory 2006 Sirelda
0%
Bound for Glory 2005 Sonny Siaki
0%
Bound for Glory 2017 Stephan Bonnar
0%
Bound for Glory 2024 Trent Seven
0%
Bound for Glory 2017 Tyson Dux
0%
Bound for Glory 2014 Yusuke Kodama
0%
Bound for Glory 2006 Zach Gowen
0%
Bound for Glory 2025 Zack Clayton
0%
No matching quizzes found
Score Distribution
Percent of People with Each Score
Percentile by Number Answered
Your Score History
You have not taken this quiz since the last reset